A comparative evaluation of the level of interproximal papilla and gingival esthetics around immediate loaded implants placed in maxillary and mandibular esthetic zone with two different provisionalization techniques (Record no. 27112)
[ view plain ]
| 000 -LEADER | |
|---|---|
| fixed length control field | 00519nam a22001337a 4500 |
| 003 - CONTROL NUMBER IDENTIFIER | |
| control field | SGT |
| 082 ## - DEWEY DECIMAL CLASSIFICATION NUMBER | |
| Classification number | 617.69 |
| Item number | C24G |
| 100 ## - MAIN ENTRY--PERSONAL NAME | |
| Personal name | Gosain, Nishtha |
| 245 ## - TITLE STATEMENT | |
| Title | A comparative evaluation of the level of interproximal papilla and gingival esthetics around immediate loaded implants placed in maxillary and mandibular esthetic zone with two different provisionalization techniques |
| Remainder of title | An In-Vivo study |
| 260 ## - PUBLICATION, DISTRIBUTION, ETC. (IMPRINT) | |
| Place of publication, distribution, etc | SGT University |
| Name of publisher, distributor, etc | Dept. of Prosthodontis |
| Year of Publication | 2024 |
| 300 ## - PAGE DESCRIPTION | |
| No. of Pages | 90 |
| 650 ## - SUBJECT ADDED ENTRY--TOPICAL TERM | |
| Topical term or geographic name as entry element | Prosthodontics |
| 942 ## - ADDED ENTRY ELEMENTS (KOHA) | |
| Source of classification or shelving scheme | Dewey Decimal Classification |
| Koha item type | Thesis/Dissertation |
| Withdrawn status | Lost status | Source of classification or shelving scheme | Damaged status | Not for loan | Home library | Current library | Shelving location | Date acquired | SGTU | Full call number | Accession No. (Barcode) | Date last seen | Bill Date | Koha item type |
|---|---|---|---|---|---|---|---|---|---|---|---|---|---|---|
| Dewey Decimal Classification | Not For Loan | SGT Dental Library | SGT Dental Library | Reference Book | 04/10/2024 | SGTU | 617.69 C24G | DT2108 | 04/10/2024 | 04/10/2024 | Thesis/Dissertation | |||
| Dewey Decimal Classification | Not For Loan | SGT Dental Library | SGT Dental Library | Reference Book | 04/10/2024 | SGTU | 617.69 C24G | DT2090 | 04/10/2024 | 04/10/2024 | Thesis/Dissertation |